A history of the expansion of Christianity / (Record no. 609)

MARC details
000 -LEADER
fixed length control field 01204cam a2200289 a 4500
001 - CONTROL NUMBER
control field 119263
003 - CONTROL NUMBER IDENTIFIER
control field GBCCL
005 - DATE AND TIME OF LATEST TRANSACTION
control field 20241126110342.0
008 - FIXED-LENGTH DATA ELEMENTS--GENERAL INFORMATION
fixed length control field 710402s1970 miuab b 001 0 eng
010 ## -
-- 73120050
029 1# -
-- NLGGC
-- 781990580
035 ## - SYSTEM CONTROL NUMBER
System control number (OCoLC)ocm00130524
040 ## - CATALOGING SOURCE
Original cataloging agency DLC
Transcribing agency DLC
Modifying agency OCL
-- LBB
049 ## -
-- LBBK
-- 1-7
-- LBBA
-- 1-2, 4-5
-- LBBC
-- 1-7
050 0# -
-- BR145
-- .L33
082 0# - DEWEY DECIMAL CLASSIFICATION NUMBER
Classification number 270
Item number LAT
090 ## - LOCALLY ASSIGNED LC-TYPE CALL NUMBER (OCLC); LOCAL CALL NUMBER (RLIN)
Classification number (OCLC) (R) ; Classification number, CALL (RLIN) (NR) BR145
Local cutter number (OCLC) ; Book number/undivided call number, CALL (RLIN) .L33 1970b
100 1# - MAIN ENTRY--PERSONAL NAME
Personal name Latourette, Kenneth Scott,
Dates associated with a name 1884-1968.
245 12 - TITLE STATEMENT
Title A history of the expansion of Christianity /
Statement of responsibility, etc. by Kenneth Scott Latourette.
260 ## - PUBLICATION, DISTRIBUTION, ETC.
Place of publication, distribution, etc. Grand Rapids :
Name of publisher, distributor, etc. Zondervan Pub. House,
Date of publication, distribution, etc. c1970.
300 ## - PHYSICAL DESCRIPTION
Extent 7 v. :
Other physical details ill., maps ;
Dimensions 22 cm.
490 0# - SERIES STATEMENT
Series statement Contemporary evangelical perspectives
504 ## - BIBLIOGRAPHY, ETC. NOTE
Bibliography, etc. note Includes bibliographical references and indexes.
505 0# - FORMATTED CONTENTS NOTE
Formatted contents note V. 1. The first five centuries -- V. 2. The thousand years of uncertainty -- V. 3. Three centuries of advances -- V. 4. The great century: Europe and the United States.--V. 5. The great century: the Americas, Australasia and Africa -- V. 6. The great century: North Africa and Asia -- V. 7. Advance through storm.
650 #0 - SUBJECT ADDED ENTRY--TOPICAL TERM
Topical term or geographic name entry element Church history.
942 ## - ADDED ENTRY ELEMENTS (KOHA)
Source of classification or shelving scheme Dewey Decimal Classification
Koha item type Books
Koha issues (borrowed), all copies 17
Holdings
Withdrawn status Lost status Source of classification or shelving scheme Damaged status Not for loan Home library Current Library Shelving location Date acquired Total checkouts Full call number Barcode Date last seen Date last checked out Copy number Price effective from Koha item type
    Dewey Decimal Classification     GRACE BIBLE COLLEGE GRACE BIBLE COLLEGE Church History 2016-11-24 6 270 LAT 000262 2025-05-01 2022-10-06 v.1 c.1 2016-11-24 Books
    Dewey Decimal Classification     GRACE BIBLE COLLEGE GRACE BIBLE COLLEGE Church History 2016-11-24 3 270 LAT 000263 2025-05-01 2023-08-08 v.2 c.1 2016-11-24 Books
    Dewey Decimal Classification     GRACE BIBLE COLLEGE GRACE BIBLE COLLEGE Church History 2016-11-24 1 270 LAT 000264 2025-05-01 2021-03-18 v.3 c.1 2016-11-24 Books
    Dewey Decimal Classification     GRACE BIBLE COLLEGE GRACE BIBLE COLLEGE Church History 2016-11-24 2 270 LAT 000265 2025-05-01 2018-03-29 v.4 c.1 2016-11-24 Books
    Dewey Decimal Classification     GRACE BIBLE COLLEGE GRACE BIBLE COLLEGE Church History 2016-11-24 2 270 LAT 000266 2025-05-01 2018-03-29 v.5 c.1 2016-11-24 Books
    Dewey Decimal Classification     GRACE BIBLE COLLEGE GRACE BIBLE COLLEGE Church History 2016-11-24 2 270 LAT 000267 2025-09-17 2025-09-10 v.6 c.1 2016-11-24 Books
    Dewey Decimal Classification     GRACE BIBLE COLLEGE GRACE BIBLE COLLEGE Church History 2016-11-24 3 270 LAT 000268 2025-05-01 2018-04-06 v.7 c.1 2016-11-24 Books
© Grace Bible College Library 2025